Dzeržinskij láska a revoluce

Podrobná bibliografia
Hlavný autor: Frołow, Sylwia, 1965- (Autor)
Ďalší autori: Zakopalová, Lucie, 1984- (Prekladateľ), Benešová, Michala, 1982- (Prekladateľ)
Médium: Kniha
Jazyk:čeština
poľština
Fyzický popis:356 s. fotogr. 24 cm
Vydavateľské údaje: [Bratislava] Premedia 2015
ISBN:9788081592584
Vydanie:1. vyd.
Predmet:

MARC

LEADER 00000cam a2200000 a 4500
001 vtls011469366
003 SK-MaSNL
005 20260301220212.0
008 240318s2015 xo o g n 000 0bcze
015 |a SNBA2016/09 
020 |a 9788081592584  |q (viaz.) 
035 |a 6D5E6A3D-FCF7-4C79-A5F8-E3A5CC7D0F17 
035 |a urn:nbn:sk:snk-am3h6bd 
035 |a urn:nbn:sk:snk-am00co18 
040 |a SNK  |b slo  |c SNK  |e AACR2 
041 1 |a cze  |h pol 
043 |a e-ru---  |a e-ur--- 
044 |a xo  |c SK 
072 7 |a 32  |x Politika  |2 konspekt 
072 7 |a 929  |x Biografie  |2 konspekt 
080 |a 323.272-051  |2 2011 
080 |a 32-051  |2 2011 
080 |a (470+571)  |2 2011 
080 |a (47+57)  |2 2011 
080 |a (092)  |2 2011 
080 |a 323.282  |2 2011 
080 |a 328/329  |2 2011 
100 1 |a Frołow, Sylwia,  |d 1965-  |4 aut  |9 162514 
245 1 0 |a Dzeržinskij  |b láska a revoluce  |c Sylwia Frołow ; přeložili Lucie Zakopalová a Michala Benešová 
250 |a 1. vyd. 
260 |a [Bratislava]  |b Premedia  |c 2015 
300 |a 356 s.  |b fotogr.  |c 24 cm 
500 |a Miesto vyd. podľa ISBN 
500 |a Pravdepodobne preložené z poľštiny 
504 |a Bibliogr. odkazy ; pozn. ; pozn. prekladateliek 
600 1 7 |a Dzeržinskij, Feliks Edmundovič,  |d 1877-1926  |2 SNKMA  |9 123664 
648 7 |a 19.-20. stor.  |2 SNKPH  |9 268609 
648 7 |a 19th-20th centuries  |2 SNKPHeng  |9 282960 
650 0 7 |a revolucionári  |2 SNKPH  |9 4842 
650 0 7 |a politici  |z Rusko  |2 SNKPH  |9 467542 
650 0 7 |a Revolutionaries  |2 SNKPHeng  |9 114408 
650 0 7 |a Politicians  |z Russia  |2 SNKPHeng  |9 607045 
650 0 7 |a štátny teror  |z Sovietsky zväz  |2 SNKPH  |9 406812 
650 0 7 |a Terror of state  |z Soviet Union  |2 SNKPHeng  |9 607046 
651 7 |a Sovietsky zväz  |2 SNKPH  |9 22126 
651 7 |a Soviet Union  |z politics and government  |2 SNKPHeng  |9 607047 
655 7 |a biografie  |2 SNKPH  |9 27965 
655 7 |a Biography  |2 SNKPHeng  |9 266314 
700 1 |a Zakopalová, Lucie,  |d 1984-  |4 trl  |9 150918 
700 1 |a Benešová, Michala,  |d 1982-  |4 trl  |9 121283 
852 |a Štátna vedecká knižnica v Banskej Bystrici 
919 |a 978-80-8159-258-4 
958 |a NB 
958 |a BC 
958 |a OP 
968 |a Čes  |b POL 
999 |c 930975  |d 932905 
952 |a SNK  |b SNK  |y PREZ  |7 0  |p 17A1210286  |o snkSC 170961  |i snk2016/19772  |8 0  |0 0  |1 0  |4 0  |d 2016-08-19  |f 1  |l 0  |r 2025-09-08 00:00:00  |w 2026-02-24 
952 |a SNK  |b SNK  |y VYP  |7 0  |p 17A1210287  |o snkSC 170961 D1  |i snk2016/19773  |8 0  |0 0  |1 0  |4 0  |d 2016-08-19  |l 0  |r 2026-02-24 08:47:48  |w 2026-02-24